Football : Les joueurs du PSG (QSI) qui ont marqué dans un classique - Statistiques

Statistiques générales
  • Ce quiz a été pris 230 fois
  • Le résultat moyen est 18 sur 24
Statistiques - réponses
Nombre de buts Nationalité Joueur % Correct
9 France Kylian Mbappé
100%
11 Suède Zlatan Ibrahimovic
99%
7 Uruguay Edinson Cavani
98%
4 Brésil Neymar
97%
5 Argentine Angel Di Maria
93%
1 Argentine Lionel Messi
93%
1 Maroc Achraf Hakimi
92%
2 Brésil Marquinhos
89%
1 Portugal Vitinha
86%
2 Allemagne Julian Draxler
84%
1 Brésil Thiago Silva
82%
3 Portugal Goncalo Ramos
78%
1 Portugal Joao Neves
77%
1 Portugal Nuno Mendes
77%
1 Espagne Sergio Ramos
77%
1 France Ousmane Dembélé
75%
1 France Bradley Barcola
70%
2 Brésil Lucas Moura
67%
3 France Blaise Matuidi
64%
4 Argentine Mauro Icardi
64%
2 Brésil Maxwell
46%
1 France Randal Kolo Muani
39%
1 Brésil Alex
31%
2 France Jérémy Ménez
24%
Aucun quiz correspondant
Distribution des résultats
% des personnes avec chaque résultat
Percentile par nombre de réponses
Votre historique - résultats
Vous n’avez pas pris ce quiz